Les 99 Noms d'Allah - Statistiques

Statistiques générales
  • Ce quiz a été pris 64 fois
  • Le résultat moyen est 12 sur 100
Statistiques - réponses
Noms Signification % Correct
Allah الله Dieu
87%
Al-Malik الملك Le Roi / Le Souverain
53%
Ar-Rahīm الرحيم Le Très-Miséricordieux
53%
Al-Ḡafhūr الغفور Le Pardonneur
50%
Ar-Rahmān الرحمن Le Tout-Miséricordieux
50%
As-Salām السلام La Paix
43%
Al-Qawi القوي Le Fort / Le Puissant
37%
Al-Qādir القادر Le Puissant / Le Capable
37%
Al-‘Aziz العزيز Le Puissant
33%
An-Nūr النور La Lumière
30%
Al-Hakam الحكم L'Arbitre / Le juge
30%
Al-Khāliq الخالق Le Créateur
27%
Al-Ākhir الآخر Le Dernier
27%
Al-Awwal الأول Le Premier
27%
Al-Hakīm الحكيم Le Sage
27%
Al-Hayy الحي Le Vivant
27%
Al-Mujīb المجيب Celui qui répond
20%
Al-‘Alīm العليم L'Omniscient / Le Bien-Informé
20%
Al-‘Adl العدل Le Juste
17%
Al-Haqq الحق Le Vrai
17%
Al-Mājid الماجد L'Illustre / Le Noble
17%
Ar-Razzāq الرزاق Celui qui accorde la subsistance
13%
Al-Mumīt المميت Celui qui donne la mort
13%
Al-Muhyī المحيي Celui qui donne la vie
13%
Al-Barr البر Le Bon / Le Bienveillant
13%
Al-Ghaffār الغفار Le Grand Pardonneur
13%
Al-Mutakabbir المتكبر Le Majestueux / Le Suprême
13%
Al-Bāri’ البارئ Le Producteur
13%
Al-Wa'li الولي Le Protecteur
13%
Al-Mouhaymin المهيمن Le Protecteur / Le surveillant
13%
Al-Ḡhani الغني Le Riche / Le Suffisant par soi
13%
Ashahīd الشهيد Le Témoin
13%
Al-Quddūs القدوس Le Très-Saint
13%
Al-Adhīm العظيم L'Immense / Le Sublime
13%
Al-Khāfid الخافض Celui qui abaisse
10%
Ar-Rāfi‘ الرافع Celui qui élève
10%
Al-Latīf اللطيف Le Bienveillant / Le Subtil
10%
Al-Qahhār القهار Le Dominateur
10%
Al-Halīm الحليم Le Doux / Le Très Clément
10%
Al-Musawwir المصور Le Formateur
10%
Al-Wakīl الوكيل Le Garant
10%
Al-Hafīdh الحفيظ Le Gardien
10%
Al-Jalīl الجليل Le Majestueux
10%
Al-Karīm الكريم Le Noble Généreux
10%
Al-Matīn المتين Le Robuste / Le Ferme
10%
Al-Mu'min المؤمن Le Sécurisant
10%
Al-Fattāh الفتاح Le Victorieux
10%
Al-Basīr البصير Le Voyant, Celui qui voit toute chose
10%
Al-Qayyūm القيوم L'Immuable
10%
Al-Jabbār الجبار L'irrésistible
10%
Al-Afuww العفو Celui qui efface
7%
Al-Muqaddim المقدم Celui qui fait avancer
7%
Al Mu'id المعيد Celui qui fait revenir
7%
As-Samī‘ السميع L'Audient, Celui qui entend toute chose
7%
Mālik-ul-Mulk مالك الملك Le Détenteur de la Royauté
7%
Al-Hamīd الحميد Le Digne de louanges
7%
Al-Muntaqim المنتقم Le Justicier / Le Vengeur
7%
Al-Wahhāb الوهابd Le Très Généreux / Le Donateur
7%
As-Sabur الصبور Le Très-Patient / Le Très-Constant
7%
Ash-Shakūr الشكور Le Très-Reconnaissant
7%
Al-Wāsi‘ الواسع Le Vaste
7%
As-Samad الصمد L'Inébranlable / L'Absolu
7%
Al-Kabīr الكبير L'Infiniment Grand
7%
Al- Ahad | Al-Wāhid الواحد L'Unique sans associé, Le Seul
7%
Al-Bāsit الباسط Celui qui étend Sa générosité
3%
Al-Bā‘ith الباعث Celui qui ressuscite
3%
Al-Mu’akhir المؤخر Celui qui retarde
3%
Al-Qabid القابض Celui qui retient et qui rétracte
3%
Al-Hasīb الحسيب Celui qui tient les comptes
3%
Al-Mubdi‘ المبدئ L'Auteur / Celui qui produit sans modèle
3%
Al-Muhsi المحصي Le Dénombrant / Celui dont le savoir cerne toute chose
3%
Al-Hādi الهادي Le Guide
3%
Al-'Ali العلي L'Elevé
3%
Al-Muta'āli المتعالي L'Élevé / Le Plus Exalté
3%
Al-Muqsit المقسط L'Équitable
3%
Al-Wāly الواليي Le Tuteur / Celui qui dirige
3%
Al-Wārith الوارث L'Héritier
3%
Al' Ra'uf الرؤوف L'indulgent / Le clément
3%
At-Tawwab التواب Celui qui accepte sans cesse le repentir
0%
Ar-Rashīd الرشيد Celui qui agit avec droiture et sagesse
0%
Al-Muqtadir المقتدر Celui qui a le pouvoir sur tout
0%
Al-Moudhill المذل Celui qui déshonore et humilie
0%
An-Nāfi‘ النافع Celui qui donne les faveurs / L'utile / Celui qui facilite a qui Il veut
0%
Al-Mu‘izzالمعز Celui qui donne puissance et honneur
0%
Ad-Dār الضار Celui qui nuit a ceux qui L'offenssent
0%
Al-Mughni المغنى Celui qui rend riche / Il enrichit
0%
Al-Wadūd الودود Le Bien-Aimant
0%
Al-Khabīr الخبير Le Bien-Informé
0%
Al-Bātin الباطن Le Caché / L'intérieur
0%
Al-Māni‘ المانع Le Défenseur / Celui qui interdit
0%
Dhul-Jalāli-wal-Ikrām ذو الجلال و الإكرام Le Détenteur de la Majesté et de la Générosité
0%
Az-Zâhir الظاهر Le Manifeste / L'Apparent
0%
Al-Badī‘ البديع Le Novateur / Celui qui a crée toute choses sans exemple précédent
0%
Al-Jāmi‘ الجامع Le Rassembleur / Celui qui réunit
0%
Al-Muqīt المقيت Le Soutien / Le Nourricier
0%
Al-Baqi الباقي L'Éternel / Le Permanent
0%
Al-Majīd المجيد Le Très Glorieux
0%
Al-Wājid الواجد L'Existant / L'Opulent
0%
Ar-Raqīb الرقيب L'Observateur
0%
Aucun quiz correspondant
Distribution des résultats
% des personnes avec chaque résultat
Percentile par nombre de réponses
Votre historique - résultats
Vous n’avez pas pris ce quiz